Tâm lý học sư phạm đại học
Khái quát chung về tâm lý học sư phạm đại học. Những cơ sở tâm lý của công tác giáo dục sinh viên. Cơ sở tâm lý học của hoạt động dạy học ở đại học. Nhân cách và hoạt động của người cán bộ giảng dạy đại học
Shranjeno v:
| Glavni avtor: | |
|---|---|
| Drugi avtorji: | |
| Format: | Knjiga |
| Jezik: | Vietnamese |
| Izdano: |
H.
Giáo dục
2009
|
| Teme: | |
| Oznake: |
Označite
Brez oznak, prvi označite!
|
| Thư viện lưu trữ: | Mạng thư viện Đại học Đà Nẵng |
|---|
| LEADER | 01405nam a22003498a 4500 | ||
|---|---|---|---|
| 001 | 000016495 | ||
| 003 | 12897 | ||
| 005 | 20121107141114.0 | ||
| 008 | 121107s2009 b 000 0 vieod | ||
| 020 | |c 25000 |d 1.500b | ||
| 041 | 0 | |a vie | |
| 082 | |a 370.15 |b NG-T | ||
| 084 | |a Y940z73 | ||
| 100 | 1 | |a Nguyễn Thạc | |
| 245 | 1 | 0 | |a Tâm lý học sư phạm đại học |c Nguyễn Thạc (chủ biên), Phạm Thành Nghị |
| 260 | |a H. |b Giáo dục |c 2009 | ||
| 300 | |a 207tr |c 21cm | ||
| 520 | |a Khái quát chung về tâm lý học sư phạm đại học. Những cơ sở tâm lý của công tác giáo dục sinh viên. Cơ sở tâm lý học của hoạt động dạy học ở đại học. Nhân cách và hoạt động của người cán bộ giảng dạy đại học | ||
| 650 | |a Tâm lý học | ||
| 653 | |a Sư phạm đại học | ||
| 653 | |a Tài liệu giảng dạy | ||
| 700 | 1 | |a Phạm Thành Nghị |e Tác giả | |
| OWN | |a LSP | ||
| AVA | |a UDN50 |b LSP |d 370.15 NG-T |e available |t Error 5001 Not defined in file expand_doc_bib_avail. |f 10 |g 0 |h N |i 0 |k 1 | ||
| 999 | |a From the UDN01 | ||
| AVA | |a UDN50 |b LSP |d 370.15 NG-T |e available |t Error 5001 Not defined in file expand_doc_bib_avail. |f 10 |g 0 |h N |i 0 |k 1 | ||
| TYP | |a Monograph | ||
| TYP | |a Printed language | ||
| 980 | |a Mạng thư viện Đại học Đà Nẵng | ||